Famous People With Flower Names - Statistics

General Stats
  • This quiz has been taken 272 times
    42 since last reset
  • The average score is 8 of 19
Answer Stats
Life Hint Person % Correct
1962– Guns N' Roses frontman Axl Rose
79%
1936–1959 "That'll Be the Day" rock and roller whose plane crashed Buddy Holly
76%
Fictional Aladdin's love interest in the 1992 Disney film Jasmine
71%
Fictional Donald Duck's girlfriend Daisy Duck
66%
1977– Played Legolas in The Lord of the Rings Orlando Bloom
66%
Fictional Muggle-born witch whose son was Harry Lily Potter
50%
1952– Comedienne who famously butchered the national anthem Roseanne Barr
50%
1958– Actress in The Piano, The Firm, and Raising Arizona Holly Hunter
45%
1992– Played Rey in the Star Wars sequel trilogy Daisy Ridley
42%
1939– Actress in 9 to 5 and I Heart Huckabees Lily Tomlin
42%
Fictional Muggle who was guardian of her nephew Harry Petunia Dursley
39%
1990– Australian rapper of chart-topping single "Fancy" Iggy Azalea
37%
1979– Australian actress of Bridesmaids, X-Men, and Insidious Rose Byrne
32%
Fictional Willy Wonka character obsessed with chewing gum Violet Beauregarde
32%
1981– Lead singer and keyboardist of the Killers Brandon Flowers
26%
1973– Scream and Jawbreaker actress who dated Marilyn Manson Rose McGowan
26%
1985– English pop singer of "Smile" and "The Fear" Lily Allen
24%
Fictional Jay Gatsby's love interest in The Great Gatsby Daisy Buchanan
18%
Fictional Child of Mr. Incredible and Elastigirl who controls force fields Violet Parr
18%
No matching quizzes found
Score Distribution
Percent of People with Each Score
Percentile by Number Answered
Your Score History
You have not taken this quiz since the last reset